00653nam a2200169 a 450000100100000000500170001000800410002704000250006808200140009310000300010724500540013726000830019130000200027404900100029495201620030499900170046600003222620200930063534.0110713s1944 dr 000 0 spa d aDO-SdBNPbspacBNPHU axxxbM8281 aMorales, Miguel A.95829913aLa elegía de un bachiller /cMiguel A. Morales. aSan Pedro de Macorís, República Dominicana :bEditorial Leonidas,c[1944]. a95 p. ;c20 cm. aBNPHU 001050718RVaPDbPDcCTd2011-07-13iLF1l0oxxx M828p32226-10r2020-06-25w2020-06-25y1zPerteneció a la colección Julio Ortega FrierZNo se presta c31717d31717